[Event "PRO League Group Stage"]
[Site "chess.com INT"]
[Date "2019.03.07"]
[Round "9"]
[White "Taghizadeh, Rayan"]
[Black "Zhou, Jianchao"]
[Result "0-1"]
[WhiteTitle "FM"]
[BlackTitle "GM"]
[WhiteElo "2298"]
[BlackElo "2609"]
[WhiteTeam "San Jose Hackers"]
[BlackTeam "Dallas Destiny"]
[WhiteFideId "2054019"]
[BlackFideId "8603537"]
[EventDate "2019.01.08"]

1. d4 Nf6 2. Bf4 g6 3. Nc3 d5 4. e3 Bg7 5. h4 h5 6. Nf3 Bg4 7. Be2 O-O 8. Ne5
Bxe2 9. Qxe2 c5 10. O-O-O cxd4 11. exd4 Qa5 12. g4 Nc6 13. Nxc6 bxc6 14. gxh5
Nxh5 15. Be5 Rab8 16. Bxg7 Nxg7 17. Rh3 Qb4 18. b3 Nh5 19. Qe3 Qd6 20. Re1 Qf4
21. Ne2 Qxe3+ 22. fxe3 Kg7 23. Ng3 Nxg3 24. Rxg3 Rh8 25. Rg4 e6 26. e4 dxe4 27.
Rgxe4 Rh5 28. Kd2 Rbh8 29. Rh1 Kf8 30. Kd3 g5 31. Re5 gxh4 32. Rxh5 Rxh5 33. Ke4
Ke7 34. Kf4 Kd6 35. Kg4 Rh7 36. c4 e5 37. dxe5+ Kxe5 38. Rxh4 f5+ 39. Kh3 Rxh4+
40. Kxh4 Ke4 41. b4 f4 42. c5 f3 43. b5 f2 44. bxc6 f1=Q 0-1

[Event "PRO League Group Stage"]
[Site "chess.com INT"]
[Date "2019.03.07"]
[Round "9"]
[White "Naroditsky, Daniel"]
[Black "Mitkov, Nikola"]
[Result "1-0"]
[WhiteTitle "GM"]
[BlackTitle "GM"]
[WhiteElo "2616"]
[BlackElo "2477"]
[WhiteTeam "San Francisco Mechanics"]
[BlackTeam "Minnesota Blizzard"]
[WhiteFideId "2026961"]
[BlackFideId "15000290"]
[EventDate "2019.01.08"]

1. d4 d5 2. c4 e6 3. Nc3 Bb4 4. a3 Bxc3+ 5. bxc3 c6 6. e3 Nf6 7. Bd3 b6 8. cxd5
cxd5 9. Nf3 O-O 10. Qe2 Bb7 11. O-O Qc8 12. c4 Ba6 13. cxd5 Bxd3 14. Qxd3 exd5
15. a4 Nc6 16. Ba3 Re8 17. Rfc1 Qd7 18. Qb5 Rac8 19. Ne5 Nxe5 20. dxe5 Rxc1+ 21.
Rxc1 Qxb5 22. axb5 Rxe5 23. Bb2 Re7 24. Rc8+ Ne8 25. Rd8 f6 26. Ba3 Re4 27. Kf1
Kf7 28. Rd7+ Kg6 29. Rxa7 Rc4 30. Rb7 Rc3 31. Bf8 Nc7 32. Rxb6 Rb3 33. Rb7 Ne6
34. Bd6 d4 35. Re7 d3 36. Ke1 Ng5 37. h4 Nf7 38. h5+ Kxh5 39. Rxf7 Rxb5 40. Rxg7
Rb2 41. Bf4 Rb1+ 42. Kd2 Rb2+ 43. Kxd3 Rxf2 44. Rxh7+ Kg6 45. Rh6+ Kf5 46. e4+
Ke6 47. g3 Rf3+ 48. Ke2 1-0

[Event "PRO League Group Stage"]
[Site "chess.com INT"]
[Date "2019.03.07"]
[Round "9"]
[White "Zierk, Steven"]
[Black "Jacobson, Brandon"]
[Result "1/2-1/2"]
[WhiteTitle "GM"]
[BlackTitle "IM"]
[WhiteElo "2510"]
[BlackElo "2404"]
[WhiteTeam "San Francisco Mechanics"]
[BlackTeam "Minnesota Blizzard"]
[WhiteFideId "2034255"]
[BlackFideId "30901561"]
[EventDate "2019.01.08"]

1. e4 c5 2. Nf3 Nc6 3. Bb5 g6 4. Bxc6 bxc6 5. d4 Bg7 6. O-O cxd4 7. Nxd4 e5 8.
Nf3 d5 9. exd5 e4 10. Nfd2 cxd5 11. c4 Nf6 12. Nc3 O-O 13. cxd5 e3 14. Nde4 Nxe4
15. Nxe4 Re8 16. Qf3 Bb7 17. fxe3 Qxd5 18. Nf6+ Bxf6 19. Qxd5 Bxd5 20. Rxf6 Rac8
21. Rf2 Rc6 22. Bd2 Rc2 23. Bc3 Rxf2 24. Kxf2 Rc8 25. a4 a6 26. Rd1 Bb3 27. Rd4
h6 28. Rb4 Bc4 29. e4 Kh7 30. Ke3 g5 31. Rb6 Rd8 32. Bd4 Rd7 33. b3 Bf1 34. g3
h5 35. Rf6 Bh3 36. Rxa6 Rb7 37. Rb6 Rc7 38. a5 Rc2 39. a6 Ra2 40. Bc5 Bf1 41. a7
Rxa7 42. Rf6 Ra1 43. Bd4 Rd1 44. Rxf7+ Kg6 45. Rf6+ Kh7 46. Rd6 Rd3+ 47. Kf2 Bh3
48. b4 Rd2+ 49. Ke3 Rxh2 50. Be5 Rh1 51. Kd4 Rb1 52. Kc5 Bg2 53. Rd7+ Kg6 54.
Rd6+ Kh7 55. Rd4 h4 56. gxh4 gxh4 57. b5 h3 58. b6 Kg6 59. Kc6 Re1 60. Kd5 Rb1
61. Bc7 Rxb6 62. Bxb6 h2 63. Rd1 h1=Q 64. Rxh1 Bxh1 65. Ke5 Bxe4 66. Kxe4 1/2-1/2

[Event "PRO League Group Stage"]
[Site "chess.com INT"]
[Date "2019.03.07"]
[Round "9"]
[White "Tang, Andrew"]
[Black "Macieja, Bartlomiej"]
[Result "0-1"]
[WhiteTitle "GM"]
[BlackTitle "GM"]
[WhiteElo "2487"]
[BlackElo "2509"]
[WhiteTeam "Minnesota Blizzard"]
[BlackTeam "San Francisco Mechanics"]
[WhiteFideId "2059630"]
[BlackFideId "1104306"]
[EventDate "2019.01.08"]

1. d4 Nf6 2. Bf4 d5 3. e3 c5 4. dxc5 Nc6 5. Bb5 g6 6. Nc3 Bg7 7. Nf3 O-O 8. O-O
Bg4 9. h3 Bxf3 10. Qxf3 Qa5 11. a3 Nh5 12. b4 Qd8 13. Nxd5 Nxf4 14. Nxf4 Bxa1
15. Bxc6 bxc6 16. Rxa1 a5 17. Rb1 Qd2 18. Qxc6 Qxc2 19. Rf1 e6 20. Qd6 Qc3 21.
Rb1 Qxa3 22. b5 Rfc8 23. Nxe6 Qa2 24. Nf4 Qxb1+ 25. Kh2 Qxb5 26. Nh5 Qb8 0-1

[Event "PRO League Group Stage"]
[Site "chess.com INT"]
[Date "2019.03.07"]
[Round "9"]
[White "Beerdsen, Thomas"]
[Black "Hong, Andrew"]
[Result "1-0"]
[WhiteTitle "IM"]
[BlackTitle "FM"]
[WhiteElo "2484"]
[BlackElo "2390"]
[WhiteTeam "Minnesota Blizzard"]
[BlackTeam "San Francisco Mechanics"]
[WhiteFideId "1030108"]
[BlackFideId "2099438"]
[EventDate "2019.01.08"]

1. e4 c5 2. Nf3 d6 3. d4 cxd4 4. Nxd4 Nf6 5. Nc3 a6 6. Bg5 Nbd7 7. Bc4 Qb6 8.
O-O Qc5 9. Bd5 e6 10. Be3 Qc7 11. Bxe6 fxe6 12. Nxe6 Qc4 13. Nd5 Kf7 14. b3 Qb5
15. a4 Nxd5 16. axb5 Nxe3 17. Ng5+ Kg6 18. fxe3 Nf6 19. Nf3 Be7 20. e5 Ng4 21.
h3 Nxe5 22. Nxe5+ dxe5 23. Ra4 h5 24. bxa6 Rxa6 25. Rxa6+ bxa6 26. Qd5 Bf6 27.
c4 a5 28. c5 Ba6 29. Qe4+ Kf7 30. Rd1 Rc8 31. c6 Ke8 32. Qg6+ Ke7 33. Rd7+ Ke6
34. Qf7+ Kf5 35. Qxh5+ g5 36. Qg4+ Kg6 37. Ra7 Rxc6 38. Qe4+ 1-0

[Event "PRO League Group Stage"]
[Site "chess.com INT"]
[Date "2019.03.07"]
[Round "9"]
[White "Javakhadze, Zurab"]
[Black "Chirila, Ioan-Cristian"]
[Result "0-1"]
[WhiteTitle "IM"]
[BlackTitle "GM"]
[WhiteElo "2449"]
[BlackElo "2566"]
[WhiteTeam "Dallas Destiny"]
[BlackTeam "San Jose Hackers"]
[WhiteFideId "13603647"]
[BlackFideId "1211668"]
[EventDate "2019.01.08"]

1. Nf3 Nf6 2. d4 g6 3. c4 Bg7 4. e3 O-O 5. Be2 b6 6. O-O Bb7 7. d5 c6 8. Nc3
cxd5 9. cxd5 e6 10. e4 exd5 11. exd5 Na6 12. Bf4 d6 13. a3 Nc5 14. Bc4 Rc8 15.
Rc1 Nce4 16. Nb5 a6 17. Na7 Rxc4 18. Rxc4 Bxd5 19. Rd4 Qa8 20. Re1 Rd8 21. Ng5
Qxa7 22. Nxe4 Bxe4 23. Bg5 d5 24. Rdxe4 Nxe4 25. Bxd8 b5 26. Bh4 Qc5 27. Re2 h6
28. Rc2 Qd6 29. f3 Ng5 30. Bg3 Qb6+ 31. Bf2 d4 32. Rc8+ Kh7 33. h4 Ne6 34. h5
Qb7 35. Rc2 Qd5 36. hxg6+ fxg6 37. Re2 d3 38. Re3 Nf4 39. Qd2 Qg5 40. g3 Bd4 41.
Kf1 Bxe3 42. Qxe3 Qd8 43. Qa7+ Kg8 44. Bd4 Ne6 45. Be3 d2 46. Bxd2 Qxd2 47. Qxa6
Qc1+ 48. Kg2 Qxb2+ 49. Kh3 Qe5 50. Qc8+ Kf7 51. f4 Qf5+ 52. Kh2 h5 53. Qb7+ Kg8
54. Qc8+ Kh7 55. Qd7+ Ng7 56. Qd2 Qg4 57. Qb2 h4 58. gxh4 Qxh4+ 59. Kg2 Qg4+ 60.
Kh1 Qxf4 61. Qxb5 Qf3+ 62. Kh2 Qxa3 63. Kg2 Qe7 64. Kh3 Qe6+ 65. Kg2 Qe4+ 66.
Kg3 Qe3+ 67. Kh2 Qf4+ 68. Kh1 Qh4+ 69. Kg1 Qg4+ 0-1

[Event "PRO League Group Stage"]
[Site "chess.com INT"]
[Date "2019.03.07"]
[Round "9"]
[White "Sam, Gabriel"]
[Black "Sarana, Alexey"]
[Result "0-1"]
[BlackTitle "GM"]
[WhiteElo "2185"]
[BlackElo "2630"]
[WhiteTeam "San Diego Surfers"]
[BlackTeam "Australia Kangaroos"]
[WhiteFideId "75000776"]
[BlackFideId "24133795"]
[EventDate "2019.01.08"]

1. d4 Nf6 2. Nf3 d5 3. c4 e6 4. cxd5 exd5 5. Nc3 Be7 6. Bg5 c6 7. e3 Bf5 8. Bd3
Bxd3 9. Qxd3 O-O 10. O-O Nbd7 11. Rab1 Ne4 12. Bxe7 Qxe7 13. b4 b5 14. a4 a6 15.
Rfc1 Nd6 16. Nd2 Nc4 17. Nxc4 bxc4 18. Qd2 Qe6 19. Re1 f5 20. b5 cxb5 21. axb5
axb5 22. Rxb5 Nf6 23. Qb2 f4 24. Qc1 Rae8 25. Rb1 f3 26. gxf3 Qh3 27. Qd1 Ng4
28. Qd2 Qxh2+ 29. Kf1 Qh1+ 30. Ke2 Qxf3+ 31. Kf1 Qh3+ 0-1

[Event "PRO League Group Stage"]
[Site "chess.com INT"]
[Date "2019.03.07"]
[Round "9"]
[White "Costello, Alexander"]
[Black "Illingworth, Max"]
[Result "1/2-1/2"]
[BlackTitle "GM"]
[WhiteElo "2231"]
[BlackElo "2501"]
[WhiteTeam "San Diego Surfers"]
[BlackTeam "Australia Kangaroos"]
[WhiteFideId "2099659"]
[BlackFideId "3205207"]
[EventDate "2019.01.08"]

1. e4 c6 2. d4 d5 3. Nc3 dxe4 4. Nxe4 Nd7 5. Bd3 Ngf6 6. Ng5 e6 7. N1f3 Bd6 8.
Qe2 h6 9. Ne4 Nxe4 10. Bxe4 O-O 11. O-O c5 12. Rd1 Qc7 13. h3 Nf6 14. Bd3 b6 15.
b3 Nd5 16. Bd2 Bb7 17. c4 Nf4 18. Bxf4 Bxf4 19. Be4 cxd4 20. Bxb7 Qxb7 21. Rxd4
Bc7 22. Rad1 Rad8 23. Rxd8 Rxd8 24. Rxd8+ Bxd8 25. Qd3 Bf6 26. Nd2 Be7 27. Ne4
f5 28. Nc3 a6 29. g4 g6 30. Ne2 Kf7 31. gxf5 gxf5 32. Nf4 Bg5 33. Qd4 Bf6 34.
Qe3 Qc6 35. Nd3 Qd6 36. b4 Qd4 37. Qe2 a5 38. bxa5 bxa5 39. c5 Qd5 40. Nf4 Qc6
41. Qh5+ Ke7 42. Ng6+ Kd7 43. Nf8+ Ke7 44. Ng6+ Kd8 45. Nf8 Ke7 46. Ng6+ 1/2-1/2

[Event "PRO League Group Stage"]
[Site "chess.com INT"]
[Date "2019.03.07"]
[Round "9"]
[White "Fernandez, Daniel Howard"]
[Black "Brown, Michael William"]
[Result "1/2-1/2"]
[WhiteTitle "GM"]
[BlackTitle "IM"]
[WhiteElo "2465"]
[BlackElo "2524"]
[WhiteTeam "Australia Kangaroos"]
[BlackTeam "San Diego Surfers"]
[WhiteFideId "5801605"]
[BlackFideId "2037602"]
[EventDate "2019.01.08"]

1. Nf3 d5 2. g3 Bg4 3. Ne5 Bf5 4. Bg2 Nd7 5. Nxd7 Qxd7 6. d3 Nf6 7. O-O Bh3 8.
Bg5 Bxg2 9. Kxg2 h5 10. Bxf6 exf6 11. h4 g5 12. Rh1 O-O-O 13. d4 Qf5 14. Nd2 Bd6
15. c3 Rde8 16. e3 Rhg8 17. hxg5 Rxg5 18. Nf3 Rg4 19. Nh4 Qg5 20. Qf3 Bxg3 21.
fxg3 Rxe3 22. Qf5+ Kd8 23. Qxg5 Rexg3+ 24. Kf2 fxg5 25. Nf5 Rg2+ 26. Kf1 Rxb2
27. Ne3 Rf4+ 28. Kg1 h4 29. Nxd5 Rg4+ 30. Kf1 Rgg2 31. Ne3 Rbf2+ 32. Ke1 Re2+
33. Kf1 Rgf2+ 34. Kg1 Rf3 35. Nf1 Rxc3 36. Rh2 Re4 37. Rf2 Ke7 38. Rb1 b6 39.
Rb5 Rg4+ 40. Kh2 f6 41. Rbf5 Rxd4 42. Rxf6 g4 43. Rf7+ Ke8 44. Kg2 g3 45. Rf8+
Kd7 46. Re2 a5 47. Ne3 Re4 48. Rd2+ Kc6 49. Nd5 Rc5 50. Nf4 Rcc4 51. Kf3 Re1 52.
Kg2 Rec1 53. Ne2 Ra1 54. Nd4+ Kb7 55. Rf7 Ka6 56. Ne6 Rac1 57. a4 R1c2 58. Rxc2
Rxc2+ 59. Kf1 g2+ 60. Kg1 h3 61. Nxc7+ Kb7 62. Nd5+ Kc8 63. Nxb6+ Kd8 64. Rd7+
Ke8 65. Rd1 Rc6 66. Nd5 Rc4 67. Re1+ Kf7 68. Kh2 Rd4 69. Ne3 Re4 70. Nxg2 Rxa4
71. Ne3 Rh4 72. Nf5 Rh5 73. Ng3 Rh4 74. Ne4 a4 75. Ng5+ Kg6 76. Nxh3 Kf5 77. Kg3
Rg4+ 78. Kf3 Rb4 79. Nf2 a3 80. Nd3 Rb3 81. Ke3 Ke6 82. Kd4+ Kd6 83. Kc4 Rb8 84.
Nc5 Rc8 85. Re6+ Kc7 86. Ra6 Rh8 87. Rxa3 Rh4+ 88. Kb5 Rh5 89. Ra7+ Kd6 90. Rd7+
Ke5 91. Rd1 Kf4 92. Kc4 Rh8 93. Rf1+ Ke3 94. Re1+ Kf4 95. Ne6+ Kf5 96. Kd5 Rh2
97. Nd4+ Kf6 98. Rf1+ Kg6 99. Ke5 Rh5+ 100. Ke6 Ra5 101. Rg1+ Rg5 102. Rf1 Ra5
103. Nc6 Ra6 104. Rf6+ Kg5 105. Ke5 Ra1 106. Rf5+ Kg4 107. Ke6 Ra6 108. Rc5 Kf4
109. Kd5 Ra1 110. Nd4 Ra8 111. Rc7 Rd8+ 112. Kc4 Ra8 113. Rf7+ Ke5 114. Re7+ Kf4
115. Kc5 Rc8+ 116. Kd5 Rd8+ 117. Kc4 Rc8+ 118. Kd3 Ra8 119. Rf7+ Ke5 120. Rf5+
Kd6 121. Rh5 Ra1 122. Rh6+ Kd5 123. Rh5+ Kd6 124. Nb3 Ra3 125. Kc3 Ke6 126. Kb4
Ra8 127. Nc5+ Kd6 128. Kc4 Ra1 129. Ne4+ Ke6 130. Nc3 Rc1 131. Kd4 Ra1 132. Re5+
Kf6 133. Ne4+ Kf7 134. Rf5+ Ke6 135. Rf6+ Ke7 136. Rb6 Ra4+ 137. Kd5 Ra5+ 138.
Nc5 Kf7 1/2-1/2

[Event "PRO League Group Stage"]
[Site "chess.com INT"]
[Date "2019.03.07"]
[Round "9"]
[White "Clarke, Brandon G I"]
[Black "Dreev, Aleksey"]
[Result "0-1"]
[WhiteTitle "FM"]
[BlackTitle "GM"]
[WhiteElo "2400"]
[BlackElo "2670"]
[WhiteTeam "Australia Kangaroos"]
[BlackTeam "San Diego Surfers"]
[WhiteFideId "400319"]
[BlackFideId "4100107"]
[EventDate "2019.01.08"]

1. e4 c6 2. d4 d5 3. e5 Bf5 4. Nf3 e6 5. Be2 Ne7 6. c3 h6 7. O-O Nd7 8. Na3 c5
9. dxc5 Nxc5 10. Nc2 Bxc2 11. Qxc2 Nc6 12. Bf4 g5 13. Bg3 Bg7 14. Rae1 Qb6 15.
a4 Qb3 16. Qxb3 Nxb3 17. Bd1 Nc5 18. Bc2 Nd7 19. h3 Rc8 20. Re2 Ke7 21. Rfe1
Rhd8 22. h4 g4 23. Nh2 h5 24. Bf4 Rh8 25. f3 Bh6 26. Bxh6 Rxh6 27. g3 Rhh8 28.
Kf2 Rhg8 29. fxg4 hxg4 30. Kg2 Rg7 31. Bd1 a5 32. Re3 Rcg8 33. Kf2 Nc5 34. Kg2
Ne4 35. Bc2 Nc5 36. Bd1 Rg6 37. Rf1 Nd7 38. Rfe1 b6 39. Bc2 R6g7 40. Bd1 Nc5 41.
Rf1 Ne4 42. Bc2 Nd2 43. Rf4 Nc4 44. Rxc4 dxc4 45. Re4 Rd8 46. Nf1 Rd5 47. Kf2
Nxe5 48. Ke2 f5 49. Rf4 Kf6 50. Ne3 Rd6 51. Nxc4 Nxc4 52. Rxc4 Rgd7 53. Bb3 Rd2+
54. Ke1 Rxb2 0-1

[Event "PRO League Group Stage"]
[Site "chess.com INT"]
[Date "2019.03.07"]
[Round "9"]
[White "Zhai, Mo"]
[Black "Sargissian, Gabriel"]
[Result "1-0"]
[WhiteTitle "WGM"]
[BlackTitle "GM"]
[WhiteElo "2365"]
[BlackElo "2689"]
[WhiteTeam "Chengdu Pandas"]
[BlackTeam "Seattle Sluggers"]
[WhiteFideId "8600201"]
[BlackFideId "13300881"]
[EventDate "2019.01.08"]

1. d4 Nf6 2. c4 e6 3. Nc3 Bb4 4. Qc2 d6 5. Nf3 Nbd7 6. g3 b6 7. Bg2 Bb7 8. O-O
O-O 9. a3 Bxc3 10. Qxc3 a6 11. Rd1 b5 12. c5 Be4 13. b4 Qe7 14. Qe3 Bd5 15. Bb2
Ng4 16. Qg5 Ndf6 17. Rf1 Nh6 18. Nd2 Bxg2 19. Kxg2 Nd5 20. Qxe7 Nxe7 21. e4 d5
22. f3 Rfd8 23. Nb3 Nc6 24. Bc3 Kf8 25. Rae1 Ng8 26. Re2 Nge7 27. Rfe1 f6 28. h3
Kf7 29. Bd2 Rd7 30. Bc3 h5 31. h4 Rad8 32. Bb2 Rg8 33. Rh1 Ra8 34. Bc3 Ng6 35.
Rhe1 Rad8 36. Bb2 Rg8 37. Bc3 Rgd8 38. Bb2 e5 39. dxe5 Ngxe5 40. exd5 Rxd5 41.
Bxe5 Nxe5 42. f4 Nc6 43. Re6 Ne5 44. Rxa6 Ng4 45. Ra7 Rd3 46. Rxc7+ Kg6 47. Nc1
Rxa3 48. c6 Rc3 49. Ne2 Rc2 50. Rd7 Re8 51. Kf1 Nh2+ 52. Kf2 Ng4+ 53. Kf1 Rxc6
54. f5+ Kh7 55. Nd4 Rxe1+ 56. Kxe1 Rc4 57. Ne6 Rxb4 58. Rxg7+ Kh8 59. Rb7 Ne3
60. Rb8+ Kh7 61. Nf8+ 1-0

[Event "PRO League Group Stage"]
[Site "chess.com INT"]
[Date "2019.03.07"]
[Round "9"]
[White "Li, Di"]
[Black "Petrosian, Tigran L."]
[Result "1-0"]
[WhiteTitle "IM"]
[BlackTitle "GM"]
[WhiteElo "2488"]
[BlackElo "2598"]
[WhiteTeam "Chengdu Pandas"]
[BlackTeam "Seattle Sluggers"]
[WhiteFideId "8607508"]
[BlackFideId "13301616"]
[EventDate "2019.01.08"]

1. d4 d6 2. e4 Nf6 3. Bd3 e5 4. c3 Nc6 5. d5 Ne7 6. Ne2 g6 7. c4 Bg7 8. Nbc3 O-O
9. f3 Nd7 10. Be3 f5 11. Qd2 f4 12. Bf2 g5 13. g4 Ng6 14. Nc1 Nf6 15. Be2 h5 16.
h3 Kf7 17. Nd3 Rh8 18. O-O-O b6 19. Kb1 Bd7 20. Rhg1 hxg4 21. hxg4 Rh2 22. Rh1
Qh8 23. Qe1 a6 24. Qg1 Rh6 25. Rxh6 Qxh6 26. Bxb6 cxb6 27. Qxb6 Bf8 28. c5 dxc5
29. d6 Bg7 30. Nxc5 Nf8 31. Qb7 Rd8 32. Qc7 Re8 33. Nd5 Nxd5 34. Rxd5 Qh2 35.
Nxd7 Qxe2 36. Nxf8+ Kg8 37. d7 Rxf8 38. d8=Q Rxd8 39. Rxd8+ Kh7 40. Qc3 Qf1+ 41.
Kc2 Kg6 42. Rd1 Qb5 43. b3 Bf6 44. Qc4 Qb6 45. Kb1 Qb8 46. Qe6 Qa7 47. Qf5+ 1-0

[Event "PRO League Group Stage"]
[Site "chess.com INT"]
[Date "2019.03.07"]
[Round "9"]
[White "Lampman, Becca"]
[Black "Wang, Yue"]
[Result "0-1"]
[BlackTitle "GM"]
[WhiteElo "2030"]
[BlackElo "2684"]
[WhiteTeam "Seattle Sluggers"]
[BlackTeam "Chengdu Pandas"]
[WhiteFideId "2082128"]
[BlackFideId "8601429"]
[EventDate "2019.01.08"]

1. d4 Nf6 2. c4 g6 3. Nc3 Bg7 4. e4 d6 5. Nf3 O-O 6. Be2 Bg4 7. O-O Nfd7 8. Re1
Nc6 9. d5 Bxf3 10. Bxf3 Nd4 11. Be3 c5 12. a3 Qb6 13. Rb1 Nxf3+ 14. Qxf3 Qb3 15.
Qe2 Ne5 16. Bg5 f6 17. Bf4 Qxc4 18. Bxe5 Qxe2 19. Rxe2 fxe5 20. Nb5 Rfc8 21. a4
c4 22. Rc2 Rc5 23. Kf1 a6 24. Na3 b5 25. Ke2 Rac8 26. axb5 axb5 27. b3 cxb3 28.
Rxc5 dxc5 29. Rxb3 b4 30. Nc4 Ra8 31. Kf3 Kf7 32. h3 Ra1 33. Ke2 Rc1 34. Kd3
Rd1+ 35. Ke2 Rd4 36. Nd2 Bh6 37. Nb1 Rxe4+ 38. Kf3 Rd4 0-1

[Event "PRO League Group Stage"]
[Site "chess.com INT"]
[Date "2019.03.07"]
[Round "9"]
[White "Beerdsen, Thomas"]
[Black "Naroditsky, Daniel"]
[Result "0-1"]
[WhiteTitle "IM"]
[BlackTitle "GM"]
[WhiteElo "2484"]
[BlackElo "2616"]
[WhiteTeam "Minnesota Blizzard"]
[BlackTeam "San Francisco Mechanics"]
[WhiteFideId "1030108"]
[BlackFideId "2026961"]
[EventDate "2019.01.08"]

1. e4 e5 2. Nf3 Nc6 3. Bb5 a6 4. Ba4 Nf6 5. d3 d6 6. c3 g6 7. O-O Bg7 8. Re1 O-O
9. Nbd2 b5 10. Bc2 Bb7 11. a4 Re8 12. Nf1 h6 13. Ne3 Nb8 14. b4 Nbd7 15. Bb3 Nf8
16. Qc2 Ne6 17. Bd2 Qd7 18. Ra2 c5 19. axb5 axb5 20. Rxa8 Rxa8 21. Nd5 Nxd5 22.
exd5 Nf4 23. Bxf4 exf4 24. h3 cxb4 25. cxb4 Rc8 26. Qe2 Qf5 27. Qe4 Qxe4 28.
dxe4 Rc3 29. Rb1 Bc8 30. Bd1 f5 31. Nh4 Kh7 32. exf5 g5 33. f6 Bxf6 34. Nf3 Bf5
35. Ra1 Rc7 36. Ra6 Rc1 37. Rxd6 Rxd1+ 38. Kh2 Be7 39. Rb6 Rxd5 40. Rb7 Bd7 0-1

[Event "PRO League Group Stage"]
[Site "chess.com INT"]
[Date "2019.03.07"]
[Round "9"]
[White "Tang, Andrew"]
[Black "Zierk, Steven"]
[Result "1/2-1/2"]
[WhiteTitle "GM"]
[BlackTitle "GM"]
[WhiteElo "2487"]
[BlackElo "2510"]
[WhiteTeam "Minnesota Blizzard"]
[BlackTeam "San Francisco Mechanics"]
[WhiteFideId "2059630"]
[BlackFideId "2034255"]
[EventDate "2019.01.08"]

1. d4 d5 2. c4 dxc4 3. Nf3 Nf6 4. e3 e6 5. Bxc4 c5 6. O-O Nc6 7. Nc3 Be7 8. dxc5
Qxd1 9. Rxd1 Bxc5 10. a3 O-O 11. b4 Be7 12. Bb2 b6 13. Nb5 a5 14. Nc7 Ra7 15.
Nb5 Ra8 16. Nc7 Ra7 17. Nb5 Rd7 18. bxa5 Nxa5 19. Bf1 Bb7 20. Ne5 Rd5 21. Rxd5
Nxd5 22. Rd1 Rd8 23. e4 Nf6 24. Rxd8+ Bxd8 25. f3 Ne8 26. Bd4 Nc6 27. Nxc6 Bxc6
28. Kf2 f6 29. Bc4 Kf7 30. Ke2 Ke7 31. Bd3 g5 32. Kd2 h5 33. Be3 Nd6 34. Nd4 Bd7
35. e5 Nf7 36. exf6+ Kxf6 37. Nc2 Bc7 38. Bd4+ Ke7 39. Nb4 h4 40. h3 Ne5 41. Be2
Ng6 42. Bf1 Nf4 43. Nc2 Bc6 44. Ne3 b5 45. Ng4 Ng6 46. Bf6+ Kf7 47. Bxg5 Bd6 48.
Bd3 Bxa3 49. Bxg6+ Kxg6 50. Bxh4 Bb2 51. Bg3 b4 52. Be5 Ba3 53. Bd4 Bb5 54. Ne5+
Kh7 55. g4 b3 56. Kc3 Ba4 57. Nc4 Be7 58. Nd2 b2 59. Kxb2 Bg5 60. Ne4 Bf4 61.
Kc3 Bd1 62. Nf6+ Kg6 63. Nh5 Bc7 64. f4 Bf3 65. Be5 Bb6 66. Ng3 Bf2 67. f5+ exf5
68. Nxf5 Bg2 69. Nh4+ Bxh4 70. Kd3 Bxh3 71. Ke4 Bxg4 72. Kf4 Be6 73. Ke4 Bd8 74.
Kf4 Bd5 75. Bd6 Bf6 76. Bc7 Bc3 77. Bd8 Kf7 1/2-1/2

[Event "PRO League Group Stage"]
[Site "chess.com INT"]
[Date "2019.03.07"]
[Round "9"]
[White "Macieja, Bartlomiej"]
[Black "Jacobson, Brandon"]
[Result "1/2-1/2"]
[WhiteTitle "GM"]
[BlackTitle "IM"]
[WhiteElo "2509"]
[BlackElo "2404"]
[WhiteTeam "San Francisco Mechanics"]
[BlackTeam "Minnesota Blizzard"]
[WhiteFideId "1104306"]
[BlackFideId "30901561"]
[EventDate "2019.01.08"]

1. Nf3 Nf6 2. c4 b6 3. g3 Bb7 4. Bg2 g6 5. O-O Bg7 6. d4 O-O 7. d5 Ne4 8. Nfd2
Nd6 9. e4 e5 10. b4 Na6 11. Qb3 c5 12. b5 Nc7 13. Bb2 f5 14. exf5 Nxf5 15. Ne4
d6 16. Nbd2 Ne8 17. a4 a5 18. bxa6 Bxa6 19. Rfb1 Bc8 20. Nf3 h6 21. Bc3 Ra6 22.
Ra2 Bd7 23. Rba1 Nf6 24. Nfd2 Nxe4 25. Nxe4 Qc7 26. a5 Nd4 27. Bxd4 exd4 28.
axb6 Rxb6 29. Qd3 Rfb8 30. Ra7 R6b7 31. Rxb7 Rxb7 32. h4 Bf5 33. Ra6 Rb6 34.
Ra8+ Rb8 35. Ra6 Rb6 36. Ra8+ Rb8 37. Ra6 Rb6 1/2-1/2

[Event "PRO League Group Stage"]
[Site "chess.com INT"]
[Date "2019.03.07"]
[Round "9"]
[White "Hong, Andrew"]
[Black "Mitkov, Nikola"]
[Result "1-0"]
[WhiteTitle "FM"]
[BlackTitle "GM"]
[WhiteElo "2390"]
[BlackElo "2477"]
[WhiteTeam "San Francisco Mechanics"]
[BlackTeam "Minnesota Blizzard"]
[WhiteFideId "2099438"]
[BlackFideId "15000290"]
[EventDate "2019.01.08"]

1. e4 e5 2. Nf3 Nc6 3. Bb5 a6 4. Ba4 Nf6 5. O-O d6 6. Bxc6+ bxc6 7. d4 exd4 8.
Nxd4 c5 9. Nc6 Qd7 10. Na5 Qa4 11. Qe1 Be7 12. f3 O-O 13. Nc3 Qxa5 14. Nd5 Qxe1
15. Nxe7+ Kh8 16. Rxe1 Be6 17. Bg5 Nd7 18. b3 f6 19. Bd2 a5 20. a4 c4 21. bxc4
Nc5 22. Nc6 Bd7 23. Nxa5 Bxa4 24. Bb4 Rfb8 25. Bxc5 Rxa5 26. Bd4 Raa8 27. c3 Bc6
28. c5 d5 29. e5 f5 30. Kf2 Kg8 31. e6 Rxa1 32. Rxa1 Ra8 33. Re1 Be8 34. Kg3 Kf8
35. Kf4 Ra2 36. g3 Rxh2 37. Kxf5 Rg2 38. Be5 Rf2 39. Kf4 g5+ 40. Kxg5 Rxf3 41.
Bxc7 Rxc3 42. Bd6+ Kg8 43. Rf1 Bg6 44. Kh6 1-0

[Event "PRO League Group Stage"]
[Site "chess.com INT"]
[Date "2019.03.07"]
[Round "9"]
[White "Safarli, Eltaj"]
[Black "Javakhadze, Zurab"]
[Result "1-0"]
[WhiteTitle "GM"]
[BlackTitle "IM"]
[WhiteElo "2681"]
[BlackElo "2449"]
[WhiteTeam "San Jose Hackers"]
[BlackTeam "Dallas Destiny"]
[WhiteFideId "13402129"]
[BlackFideId "13603647"]
[EventDate "2019.01.08"]

1. e4 e5 2. Nc3 Nc6 3. Nf3 Nf6 4. a3 Be7 5. d4 d6 6. Bb5 exd4 7. Nxd4 Bd7 8.
Bxc6 bxc6 9. O-O O-O 10. Re1 Re8 11. h3 c5 12. Nde2 Bf8 13. Ng3 g6 14. Bg5 h6
15. Bf4 Bg7 16. Qd2 Rb8 17. b3 Kh7 18. Rad1 Bc6 19. f3 Nd7 20. Be3 a5 21. a4 c4
22. bxc4 Ne5 23. Bd4 Nxc4 24. Qf2 Nb2 25. Rb1 Bxd4 26. Qxd4 Rb4 27. Qa7 Qg5 28.
Kh2 Qe5 29. Nd5 Rc4 30. Ne3 Rc5 31. Ng4 Qg7 32. e5 Ra8 33. Qxc7 Bxf3 34. Qxd6
Rxc2 35. Rxb2 Rxb2 36. Ne3 Rc8 37. Rf1 Bxg2 38. Nxg2 Rcc2 39. Rg1 Qg8 40. Ne4
Qa8 41. Nf6+ Kg7 42. Nd5 Rc6 43. Qd7 Rf2 44. Kg3 Rd2 45. e6 Rxe6 46. Rf1 Qf8 47.
Ngf4 Re5 48. Qc6 Qa3+ 49. Rf3 1-0